000
00297nam a2200109Ia 4500
008
200302s9999 xx 000 0 und d
100
_a
francisco Asensio Cerver
245
_a
Cities Steering Towards sustainability
260
_b
The Energy and Resources Institute
260
_c
2010
300
_a
271 P
999
_c
4263
_d
4263